00289nam a22001097a 4500082001600000100001700016245006900033260001700102300001500119526003700134650000800171 a954.03bTOC aNoor, Edward aNarrative of the operaions of Captain John Little,cNoor, Edward aLondonc1794 axv, 524.p: a0b0c0d954_030000000000000_TOC aMCE